000 00881cam a22002411 4500
001 af 47004260
003 DLC
005 20260227110824.0
008 720630s1945 xx 000 0 eng
010 _aaf 47004260
035 _a(OCoLC)346183
040 _aDLC
_cOAU
_dOCoLC
_dDLC
041 1 _afreger
050 0 0 _aBP75
_b.A572
082 0 0 _a297.6/3
_aB
100 1 _aAndræ, Tor,
_d1885-1947.
245 1 0 _aMahomet, sa vie et sa doctrine,
_ctraduit de l'allemand par Jean Gaudefroy-Demombynes ... Préface de Maurice Gaudefroy-Demombynes ...
260 _aParis,
_bAdrien-Maisonneuve,
_c1945.
300 _a3 p. l., [5]-192 p., 1 l.
_c23 cm.
490 0 _aInitiation à l'Islam, collection pub. sous le patronage de l'Institut d'études islamiques de l'Université de Paris. II
600 0 0 _aMuḥammad,
_cProphet,
_d-632.
700 2 _aGaudefroy-Demombynes, Jean,
_d1898-
_etr.
999 _c2568
_d2568